Afganistán: la lucha por recobrar la libertad /

Guardado en:
書目詳細資料
主要作者: Cincotta, Howard
其他作者: Price, Adrianne
格式: Texto
出版: s.l.e.: Agencia Comunicaciones Internacionales. USA
標簽: 添加標簽
沒有標簽, 成為第一個標記此記錄!

MARC

LEADER 00000 a a2200000 04500
001 14544
003
040
090 |a 014000  
100 |a Cincotta, Howard  
245 |a Afganistán: la lucha por recobrar la libertad /  |c Howard Cincotta 
260 |a s.l.e.:   |b Agencia Comunicaciones Internacionales. USA  
300 |a 48 p.  
700 |a Price, Adrianne  
999 |c 10695  |d 10695